<?xml version="1.0" encoding="UTF-8"?>
<record
    xmlns:xsi="http://www.w3.org/2001/XMLSchema-instance"
    xsi:schemaLocation="http://www.loc.gov/MARC21/slim http://www.loc.gov/standards/marcxml/schema/MARC21slim.xsd"
    xmlns="http://www.loc.gov/MARC21/slim">

  <leader>01595nab a2200289 i 4500</leader>
  <controlfield tag="001">BPP</controlfield>
  <controlfield tag="003">BPK</controlfield>
  <controlfield tag="005">20190618142959.0</controlfield>
  <controlfield tag="008">141210s1987    pl  |  |     |100 ||pol</controlfield>
  <datafield tag="040" ind1=" " ind2=" ">
    <subfield code="c">BPK</subfield>
  </datafield>
  <datafield tag="041" ind1=" " ind2=" ">
    <subfield code="a">pol</subfield>
    <subfield code="b">eng</subfield>
  </datafield>
  <datafield tag="044" ind1=" " ind2=" ">
    <subfield code="a">POL</subfield>
  </datafield>
  <datafield tag="080" ind1=" " ind2=" ">
    <subfield code="a">621.9</subfield>
  </datafield>
  <datafield tag="100" ind1=" " ind2=" ">
    <subfield code="a">SOCHA, Stanis&#x142;aw.</subfield>
    <subfield code="d">1973 - 1996.</subfield>
    <subfield code="b">Wy&#x17C;sza Szko&#x142;a In&#x17C;ynierska w Koszalinie - Wydzia&#x142; Mechaniczny,</subfield>
    <subfield code="c">Zak&#x142;ad Technologii Maszyn</subfield>
  </datafield>
  <datafield tag="245" ind1=" " ind2=" ">
    <subfield code="a">Wp&#x142;yw energii powierzchniowej obrabianego metalu na przebieg skrawania = </subfield>
    <subfield code="b">Effect of the surface energy on metal cutting /</subfield>
    <subfield code="c">Stanis&#x142;aw Socha, Tadeusz Karpi&#x144;ski.</subfield>
  </datafield>
  <datafield tag="260" ind1=" " ind2=" ">
    <subfield code="c">1987.</subfield>
  </datafield>
  <datafield tag="500" ind1=" " ind2=" ">
    <subfield code="a">Dane z autopsji.</subfield>
  </datafield>
  <datafield tag="520" ind1=" " ind2=" ">
    <subfield code="a">W referacie przedstawiono wyniki bada&#x144; mosi&#x105;dz&#xF3;w &#x3AC; w zakresie grubo&#x15B;ci warstw skrawanych od 10~^mm. Stwierdzono, &#x17C;e przy grubo&#x15B;ci warstw skrawanych oko&#x142;o 50~^mm nast&#x119;puje zmiana w przebiegu procesu. Wykazano, &#x17C;e zmiana ta jest spowodowana oddzia&#x142;ywaniem energii powierzchniowej na przebieg odkszta&#x142;cenia przy formowaniu wi&#xF3;ra.</subfield>
  </datafield>
  <datafield tag="650" ind1=" " ind2=" ">
    <subfield code="a">Napi&#x119;cie powierzchniowe.</subfield>
  </datafield>
  <datafield tag="655" ind1=" " ind2="0">
    <subfield code="a">Materia&#x142;y konferencyjne.</subfield>
  </datafield>
  <datafield tag="650" ind1=" " ind2="0">
    <subfield code="a">Skrawanie</subfield>
  </datafield>
  <datafield tag="650" ind1=" " ind2="0">
    <subfield code="a">Metale</subfield>
  </datafield>
  <datafield tag="700" ind1=" " ind2=" ">
    <subfield code="a">KARPI&#x143;SKI, Tadeusz.</subfield>
    <subfield code="d">1970 - 1996.</subfield>
    <subfield code="b">Wy&#x17C;sza Szko&#x142;a In&#x17C;ynierska w Koszalinie - Wydzia&#x142; Mechaniczny,</subfield>
    <subfield code="c">Zak&#x142;ad Technologii Maszyn</subfield>
  </datafield>
  <datafield tag="711" ind1=" " ind2=" ">
    <subfield code="a">Og&#xF3;lnopolska Konferencja Naukowo-Techniczna nt. Tendencje rozwojowe w technologii maszyn</subfield>
    <subfield code="n">(5 ;</subfield>
    <subfield code="d">1987 ;</subfield>
    <subfield code="c">Zielona G&#xF3;ra, Polska).</subfield>
  </datafield>
  <datafield tag="773" ind1=" " ind2=" ">
    <subfield code="i">W :</subfield>
    <subfield code="t">Zeszyty Naukowe Wy&#x17C;szej Szko&#x142;y In&#x17C;ynierskiej w Zielonej G&#xF3;rze. Mechanika. -</subfield>
    <subfield code="g">1987, Z. 17, s. 54-57</subfield>
  </datafield>
  <datafield tag="942" ind1=" " ind2=" ">
    <subfield code="c">ART</subfield>
    <subfield code="2">UKD</subfield>
  </datafield>
  <datafield tag="999" ind1=" " ind2=" ">
    <subfield code="c">6298</subfield>
    <subfield code="d">6298</subfield>
  </datafield>
</record>
